hatiku terluka di bukhara

Bibliographic Details
Main Author: Wan Hashim Wan Teh (Author)
Format: Book
Language:Malay
Published: Kuala Lumpur : Utusan Publications & Distributors Sdn. Bhd. 2002
Subjects:

MARC

LEADER 00000cam a2200000 7i4500
001 0000012827
005 20241021.0
008 230505 my may
020 |a 967611300X 
040 |a INS   |b eng   |e rda 
090 0 0 |a PL5136   |b .W181 2002 
100 0 |a Wan Hashim Wan Teh ,   |e author 
245 1 0 |a hatiku terluka di bukhara   |c Wan Hashim Wan Teh 
264 1 |a Kuala Lumpur :   |b Utusan Publications & Distributors Sdn. Bhd.   |c 2002 
264 4 |c ©2002 
300 |a 319 pages ;   |c 18 cm. 
336 |a text  |2 rdacontent 
337 |a unmediated  |2 rdamedia 
338 |a volume  |2 rdacarrier 
650 0 |a Malay Fiction 
999 |a 0000012211   |b BOOK   |c Open Shelf   |e Default branch